Pobreza en Costa Rica /
Enregistré dans:
| Auteur principal: | |
|---|---|
| Autres auteurs: | , |
| Format: | Texte |
| Publié: |
San José:
Dirección General de Estadística y Censos
|
| Sujets: | |
| Tags: |
Ajouter un tag
Pas de tags, Soyez le premier à ajouter un tag!
|
MARC
| LEADER | 00000 a a2200000 04500 | ||
|---|---|---|---|
| 001 | 16489 | ||
| 003 | |||
| 040 | |||
| 090 | |a EXTRAVIADO | ||
| 100 | |a Carvajal, Manuel J. | ||
| 245 | |a Pobreza en Costa Rica / |c Manuel J. Carvajal | ||
| 260 | |a San José: |b Dirección General de Estadística y Censos | ||
| 300 | |a 330 p. | ||
| 650 | |a POBREZA | ||
| 700 | |a Geithman, David T. | ||
| 700 | |a Armonstrong, Patrick R. | ||
| 999 | |c 11859 |d 11859 | ||
